000 00637nam a22001937a 4500
999 _c3030
_d3030
003 AR-CdUCM
008 190305b ||||| |||| 00| 0 spa d
040 _aMUNICIPALIDAD PROVINCIAL DEL CUSCO
_cBIBLIOTECA MUNICIPAL DEL CUSCO
082 _a335.4 /
_bL45
100 _aLenin, V. I.
_94963
245 _aAcerca del infantilismo izquierdista y del espíritu pequeñoburgués /
260 _aMoscú :
_bEditorial Progreso,
300 _a34 páginas ;
_c20 cm.
505 _aIzquierdismo -- Pequeñoburgués...
650 _aIzquierdismo.
_910322
650 _aPequeñoburgués.
_910323
942 _2ddc
_cLIBROS
945 _awfj
_d2019-03-05